| 000 | 01632nam a22002417a 4500 | ||
|---|---|---|---|
| 999 |
_c60184 _d60184 |
||
| 003 | Ge_BSU | ||
| 005 | 20230615154626.0 | ||
| 008 | 230615s2016 ge ||||| |||| 00| 0 geo d | ||
| 020 | _a9789941084638 | ||
| 041 | _ageo | ||
| 080 | _a94(479.22:470) ვ-12 | ||
| 100 |
_aვადაჭკორია, შოთა _95487 |
||
| 245 |
_aსაბჭოთა რუსეთთან საქართველოს დამარცხების ზოგიერთი ფაქტორის დაზუსტებისათვის : _b(1921 წლის თებერვალ-მარტი) / _cშოთა ვადაჭკორია ; რედაქტორი გელა საითიძე ; ივ. ჯავახიშვილის სახ. ისტორიისა და ეთნოლოგიის ინ-ტი. |
||
| 264 |
_aთბილისი : _bგეორგიკა, _c2016. |
||
| 300 |
_a136 გვ. : _bრუკები ; _c20 სმ. |
||
| 504 | _a ბიბლიოგრ. : გვ.123-125. | ||
| 520 | _aრეზიუმე ინგლ. ენაზე. | ||
| 653 | _aსაქართველო-რუსეთის ურთიერთობის ისტორია | ||
| 653 | _aსაქართველოს ოკუპაცია რუსეთის მიერ. | ||
| 700 |
_aსაითიძე, გელა _eრედაქტორი _99779 |
||
| 710 |
_aივ. ჯავახიშვილის სახ. ისტორიისა და ეთნოლოგიის ინ-ტი. _918742 |
||
| 942 |
_2udc _cBK |
||